=LDR 00000nam 2200000 4500 =001 INLIS000000000045170 =005 20141231101544.0 =006 =007 =008 =035 ##$$0010-121400000000320 =082 ##$$a 398.221 =090 ##$$a 398.221 $b arl h =100 ##$$a Arleen Amidjaja $t the house of rainbow rumah pelangi =245 ##$$a the house of rainbow rumah pelangi =260 ##$$a Jakarta $b pt bumi aksara $c 2010 =300 ##$$a 185 hlm $b ilus $c 23 cm =850 ##$$a NBPMAT =990 ##$$a 0001/BPAP-NTB/20142014 =990 ##$$a 0001/BPAP-NTB/20142015